| 000 | 00652nam a22002177a 4500 | ||
|---|---|---|---|
| 003 | OSt | ||
| 005 | 20201105103500.0 | ||
| 008 | 201105b 2005 dr 00| 0 eng d | ||
| 020 | _a9993497177 | ||
| 040 |
_aDO-SdBNP _bspa _cBNPHU |
||
| 082 | _bS944m, 2005 | ||
| 100 | 1 |
_aSuero, Ángel Augusto, _d1908-1997. _977159 |
|
| 245 | 1 | 0 |
_aMurallas de Jericó / _cÁngel Augusto Suero. |
| 250 | _a2a ed. corregida | ||
| 260 |
_aSanto Domingo : _bCuesta-Veliz Ediciones, _c2005. |
||
| 300 |
_a286 p. ; _c23 cm. |
||
| 500 | _aIncluye datos biográficos del autor en las solapas | ||
| 590 | _aInventariado, 2020 /LP | ||
| 942 |
_2ddc _cLBS1 |
||
| 956 | _aLOPEREZ | ||
| 999 |
_c49078 _d49078 |
||